[Event "ODJM A 2016"]
[Site "Willingen GER"]
[Date "2016.05.20"]
[Round "8"]
[White "Bohlsen, Linus"]
[Black "Bethke, Robert"]
[Result "1-0"]
[Termination "normal"]
[Board "24"]
[WhiteElo "2168"]
[BlackElo "1713"]
[PlyCount "137"]
[WhiteFideId "12958093"]
[BlackFideId "12959251"]
[EventCountry "GER"]
[EventRounds "9"]
[EventType "swiss"]
[EventDate "2016.05.14"]

1. d4 Nf6 2. c4 d5 3. Nf3 e6 4. g3 Be7 5. Bg2 O-O 6. O-O c6 7. Qc2 h6 8. b3
Nbd7 9. Rd1 b6 10. Bb2 Bb7 11. Nc3 Rc8 12. e4 Nh7 13. Qd3 Qc7 14. Rac1 dxc4 15.
bxc4 Ng5 16. Nd2 Rfd8 17. f4 Nh7 18. Qf3 a6 19. Kh1 Ba8 20. e5 Qb7 21. Nde4 Kh8
22. Qh5 Kg8 23. d5 cxd5 24. cxd5 Nc5 25. d6 Bf8 26. Qe2 Qd7 27. Nxc5 Rxc5 28.
Ne4 Bxe4 29. Bxe4 Qb5 30. Qxb5 Rxb5 31. Bd4 f6 32. Rc7 Bxd6 33. exd6 Rxd6 34.
Rd2 Rb4 35. Bxh7+ Kxh7 36. Be3 Rb1+ 37. Kg2 Rxd2+ 38. Bxd2 Rb2 39. Rd7 Rxa2 40.
Kf3 Kg6 41. Ke3 Ra1 42. Rd6 Rh1 43. Rxe6 Rxh2 44. Rxb6 Rg2 45. Be1 Ra2 46. Rc6
a5 47. Rc5 a4 48. Ra5 Ra1 49. Bb4 Kf7 50. f5 Rg1 51. Kf2 Ra1 52. Ra7+ Kg8 53.
Bc5 Ra2+ 54. Kf3 Ra1 55. Kg4 Rc1 56. Be3 Rc4+ 57. Kh5 Re4 58. Bf4 a3 59. Kg6
Re8 60. Rxa3 Kh8 61. Ra7 Rg8 62. g4 h5 63. gxh5 Rc8 64. Rxg7 Rc2 65. Rd7 Rg2+
66. Kxf6 Rg7 67. Rc7 Rg8 68. Be5 Rg7 69. Ke6 1-0

[Event "ODJM A 2016"]
[Site "Willingen GER"]
[Date "2016.05.20"]
[Round "8"]
[White "Hesse, Henrik"]
[Black "Aengenheister, Dennis"]
[Result "1-0"]
[Termination "normal"]
[Board "25"]
[WhiteElo "1922"]
[BlackElo "1749"]
[PlyCount "59"]
[WhiteFideId "12952060"]
[BlackFideId "16225490"]
[EventCountry "GER"]
[EventRounds "9"]
[EventType "swiss"]
[EventDate "2016.05.14"]

1. c4 e6 2. Nf3 d5 3. cxd5 exd5 4. g3 Bd6 5. Bg2 Nf6 6. d4 Nbd7 7. Nc3 c6 8.
O-O O-O 9. Nd2 Nb6 10. f3 Bc7 11. Nb3 Be6 12. Nc5 Qc8 13. Nxe6 Qxe6 14. Qd3
Nfd7 15. e4 f6 16. b3 Rad8 17. Ba3 Rfe8 18. f4 dxe4 19. Bxe4 Kh8 20. Rfe1 Qg8
21. Qf3 g5 22. Kh1 Nf8 23. Rad1 Nd5 24. Bxd5 Rxe1+ 25. Rxe1 cxd5 26. Be7 Nd7
27. Bxd8 Qxd8 28. Qxd5 gxf4 29. Qf7 Ne5 30. dxe5 1-0

[Event "ODJM A 2016"]
[Site "Willingen GER"]
[Date "2016.05.20"]
[Round "8"]
[White "Grohmann, Alexander"]
[Black "Knudsen, Simon"]
[Result "1-0"]
[Termination "normal"]
[Board "26"]
[WhiteElo "1801"]
[BlackElo "1907"]
[PlyCount "47"]
[WhiteFideId "12947679"]
[BlackFideId "12985546"]
[EventCountry "GER"]
[EventRounds "9"]
[EventType "swiss"]
[EventDate "2016.05.14"]

1. e4 c5 2. Nc3 d6 3. f4 Nc6 4. Nf3 g6 5. Bb5 Bg7 6. Bxc6+ bxc6 7. O-O e6 8. d3
Ne7 9. Qe1 Rb8 10. b3 d5 11. Bd2 Ba6 12. e5 Nf5 13. Qf2 Bf8 14. Na4 c4 15. dxc4
dxc4 16. Rfd1 Qc7 17. Nd4 Nxd4 18. Qxd4 Be7 19. Be3 cxb3 20. axb3 Rb4 21. Qc3
Bc8 22. Nc5 Rb5 23. Ne4 Bb4 24. Nd6+ 1-0

[Event "ODJM A 2016"]
[Site "Willingen GER"]
[Date "2016.05.20"]
[Round "8"]
[White "Hinrichs, Niklas"]
[Black "Wachinger, Nikolas"]
[Result "0-1"]
[Termination "normal"]
[Board "27"]
[WhiteElo "1894"]
[BlackElo "1542"]
[PlyCount "72"]
[WhiteFideId "12942499"]
[BlackFideId "12962791"]
[EventCountry "GER"]
[EventRounds "9"]
[EventType "swiss"]
[EventDate "2016.05.14"]

1. d4 Nf6 2. c4 g6 3. Nc3 Bg7 4. e4 d6 5. f3 O-O 6. Be3 c5 7. Nge2 Nc6 8. Qd2
Qa5 9. d5 Ne5 10. Ng3 h5 11. Be2 h4 12. Nf1 a6 13. Qc2 b5 14. Nd2 bxc4 15. Nxc4
Nxc4 16. Bxc4 Qb4 17. Be2 Rb8 18. Bc1 Nd7 19. O-O c4 20. Nd1 Bd4+ 21. Kh1 Nb6
22. Bd2 Qa4 23. Qxa4 Nxa4 24. Bxc4 Nxb2 25. Nxb2 Rxb2 26. Bg5 h3 27. g3 f6 28.
Bh6 Rd8 29. Rad1 Bc5 30. Bd2 Bd7 31. Bc3 Rc2 32. Rc1 Rxc1 33. Rxc1 Bb5 34. Ba5
Bxc4 35. Bxd8 Be2 36. Rc3 Bd4 0-1

[Event "ODJM A 2016"]
[Site "Willingen GER"]
[Date "2016.05.20"]
[Round "8"]
[White "Bosselmann, Tom Linus"]
[Black "Gorainow, Nikita"]
[Result "1-0"]
[Termination "normal"]
[Board "28"]
[WhiteElo "1830"]
[BlackElo "1779"]
[PlyCount "39"]
[WhiteFideId "12983845"]
[BlackFideId "12970093"]
[EventCountry "GER"]
[EventRounds "9"]
[EventType "swiss"]
[EventDate "2016.05.14"]

1. e4 b6 2. d4 Bb7 3. Bd3 e6 4. c4 f5 5. exf5 Bb4+ 6. Bd2 Bxd2+ 7. Nxd2 Bxg2 8.
Qh5+ Kf8 9. Be4 Bxh1 10. Bxh1 Nc6 11. fxe6 Qe8 12. Qf3+ Nf6 13. O-O-O d5 14.
cxd5 Nxd4 15. Qd3 c5 16. d6 Nxe6 17. d7 Qd8 18. Bxa8 Qxa8 19. Ndf3 Qb8 20.
d8=Q+ 1-0

[Event "ODJM A 2016"]
[Site "Willingen GER"]
[Date "2016.05.20"]
[Round "8"]
[White "Bösel, Alexander"]
[Black "Marx, Inga"]
[Result "1/2-1/2"]
[Termination "normal"]
[Board "29"]
[WhiteElo "1992"]
[BlackElo "1759"]
[PlyCount "65"]
[WhiteFideId "4623185"]
[BlackFideId "4654749"]
[EventCountry "GER"]
[EventRounds "9"]
[EventType "swiss"]
[EventDate "2016.05.14"]

1. e4 c6 2. d4 g6 3. Nc3 d5 4. Nf3 Bg7 5. h3 dxe4 6. Nxe4 Nd7 7. Bc4 Ngf6 8.
Ng3 O-O 9. O-O c5 10. c3 e6 11. Bg5 Qc7 12. Rc1 b6 13. Qd2 Bb7 14. Be2 c4 15.
Bf4 Qc8 16. Bh6 Ne4 17. Nxe4 Bxe4 18. Bxg7 Kxg7 19. Qf4 Bd5 20. Nh2 Qb8 21. Qe3
Nf6 22. Rce1 Qc7 23. Bd1 h5 24. Bc2 a5 25. f4 Rae8 26. Qg3 Qb7 27. Nf3 Be4 28.
Bxe4 Nxe4 29. Qh4 f6 30. Re2 Qd5 31. Rfe1 Nd6 32. Qf2 Kf7 33. Nd2 1/2-1/2

[Event "ODJM A 2016"]
[Site "Willingen GER"]
[Date "2016.05.20"]
[Round "8"]
[White "Heldt, Nils-Lennart"]
[Black "Nguyen, Ha Thanh"]
[Result "1-0"]
[Termination "normal"]
[Board "30"]
[WhiteElo "1994"]
[BlackElo "1704"]
[PlyCount "115"]
[WhiteFideId "12952109"]
[BlackFideId "12942154"]
[EventCountry "GER"]
[EventRounds "9"]
[EventType "swiss"]
[EventDate "2016.05.14"]

1. e4 c5 2. Nf3 Nc6 3. d4 cxd4 4. Nxd4 g6 5. c4 Bg7 6. Be3 Nf6 7. Nc3 O-O 8.
Be2 d6 9. O-O Bd7 10. f3 Nxd4 11. Bxd4 a5 12. Qd2 Bc6 13. Rfd1 Nd7 14. Bxg7
Kxg7 15. Qd4+ Kg8 16. Qe3 Qb6 17. Qxb6 Nxb6 18. Nd5 Bxd5 19. exd5 Na4 20. Re1
Nc5 21. b3 Rfe8 22. Rad1 Rac8 23. Rd2 Kf8 24. Bd1 Rc7 25. f4 Rb8 26. a4 Re8 27.
g4 Kg7 28. h4 Kg8 29. Bc2 Kg7 30. Kg2 Nd7 31. Kf3 Kg8 32. h5 Kg7 33. Rh2 e5 34.
dxe6 Rxe6 35. Reh1 Kf6 36. g5+ Ke7 37. f5 Re5 38. Kf4 gxf5 39. Bxf5 Nf8 40. Bh3
Rcc5 41. Rg1 Ne6+ 42. Bxe6 Kxe6 43. g6 Rf5+ 44. Ke3 hxg6 45. hxg6 Rce5+ 46. Kd2
fxg6 47. Rxg6+ Rf6 48. Rxf6+ Kxf6 49. Rh6+ Ke7 50. Rh7+ Kd8 51. Rxb7 Kc8 52.
Rb5 Rxb5 53. cxb5 Kb7 54. Kc3 Kb6 55. b4 axb4+ 56. Kxb4 Ka7 57. a5 Kb7 58. Kc4
1-0

[Event "ODJM A 2016"]
[Site "Willingen GER"]
[Date "2016.05.20"]
[Round "8"]
[White "Garbuz, Vitaliy"]
[Black "Lehmann, Tim"]
[Result "1/2-1/2"]
[Termination "normal"]
[Board "32"]
[WhiteElo "1917"]
[BlackElo "1613"]
[PlyCount "54"]
[WhiteFideId "12990710"]
[BlackFideId "12979171"]
[EventCountry "GER"]
[EventRounds "9"]
[EventType "swiss"]
[EventDate "2016.05.14"]

1. e4 c5 2. d4 cxd4 3. c3 dxc3 4. Nxc3 Nc6 5. Nf3 e6 6. Bc4 Qc7 7. O-O Nf6 8.
Nb5 Qb8 9. e5 Ng4 10. Nd6+ Bxd6 11. exd6 b5 12. Bb3 a5 13. Bf4 Qb6 14. Bd5 Nf6
15. Bxc6 Qxc6 16. Be5 Bb7 17. Rc1 Qd5 18. Qe2 Rc8 19. Rxc8+ Bxc8 20. Rd1 Qc4
21. Qxc4 bxc4 22. Bxf6 gxf6 23. Nd2 Ba6 24. Ne4 f5 25. Nc5 Bb5 26. b3 cxb3 27.
Nxb3 O-O 1/2-1/2

[Event "ODJM A 2016"]
[Site "Willingen GER"]
[Date "2016.05.20"]
[Round "8"]
[White "Krauße, Sandro"]
[Black "Fistoul, Boris"]
[Result "0-1"]
[Termination "normal"]
[Board "33"]
[WhiteElo "1734"]
[BlackElo "1876"]
[PlyCount "106"]
[WhiteFideId "12953733"]
[BlackFideId "12953962"]
[EventCountry "GER"]
[EventRounds "9"]
[EventType "swiss"]
[EventDate "2016.05.14"]

1. e4 e6 2. d4 b6 3. Nf3 Bb7 4. Bd3 c5 5. c3 Nf6 6. Qe2 Be7 7. O-O Nc6 8. Nbd2
cxd4 9. cxd4 Nb4 10. Re1 Nxd3 11. Qxd3 O-O 12. b3 a5 13. Bb2 Qb8 14. Rac1 Ba6
15. Qb1 Bb4 16. a3 Bxd2 17. Nxd2 Qf4 18. Nf3 Bb7 19. d5 exd5 20. Bxf6 Qxf6 21.
e5 Qe7 22. Qb2 Rac8 23. b4 axb4 24. Rxc8 Rxc8 25. axb4 Rc4 26. Rb1 d4 27. Nd2
Qg5 28. g3 Rc3 29. Re1 Qf5 30. b5 Qc2 31. Qxc2 Rxc2 32. Rd1 Rc5 33. Nf1 Rxe5
34. Rxd4 Rd5 35. Rc4 Rc5 36. Ne3 Rxb5 37. Rc7 Rb1+ 38. Nf1 Ba6 39. Ra7 Rxf1+
40. Kg2 Kf8 41. Rxa6 Rb1 42. Kf3 Ke7 43. Ke4 b5 44. Rb6 b4 45. Kd3 b3 46. f4 b2
47. Kc2 Rh1 48. Kxb2 Rxh2+ 49. Ka3 Rh3 50. Rb3 h5 51. Kb4 h4 52. gxh4 Rxb3+ 53.
Kxb3 Kf6 0-1

[Event "ODJM A 2016"]
[Site "Willingen GER"]
[Date "2016.05.20"]
[Round "8"]
[White "Wissing, Philipp"]
[Black "Hofmann, Marko"]
[Result "1/2-1/2"]
[Termination "normal"]
[Board "34"]
[WhiteElo "1583"]
[BlackElo "1812"]
[PlyCount "40"]
[WhiteFideId "12993654"]
[BlackFideId "12935875"]
[EventCountry "GER"]
[EventRounds "9"]
[EventType "swiss"]
[EventDate "2016.05.14"]

1. e4 e6 2. d4 d5 3. exd5 exd5 4. Bd3 Bd6 5. Nf3 Ne7 6. O-O Nbc6 7. c3 Bg4 8.
Nbd2 Qd7 9. Re1 O-O-O 10. Nf1 f6 11. b4 Rdf8 12. a4 g5 13. a5 h5 14. b5 Nd8 15.
b6 a6 16. bxc7 Qxc7 17. Ba3 f5 18. c4 Bxa3 19. Rxa3 Ndc6 20. Be2 Bxf3 1/2-1/2

[Event "ODJM A 2016"]
[Site "Willingen GER"]
[Date "2016.05.20"]
[Round "8"]
[White "Steffens, Oliver"]
[Black "Cejda, Moritz"]
[Result "1-0"]
[Termination "normal"]
[Board "35"]
[WhiteElo "1814"]
[BlackElo "1655"]
[PlyCount "63"]
[WhiteFideId "12947148"]
[BlackFideId "12925152"]
[EventCountry "GER"]
[EventRounds "9"]
[EventType "swiss"]
[EventDate "2016.05.14"]

1. e4 e6 2. d4 d5 3. Nd2 Nf6 4. e5 Nfd7 5. Bd3 c5 6. c3 Nc6 7. Ne2 a6 8. Nf3
Be7 9. O-O cxd4 10. cxd4 f6 11. Nf4 Nf8 12. Re1 f5 13. a3 g5 14. Ne2 Ng6 15. h3
O-O 16. Nh2 Kg7 17. Rf1 Bd7 18. Kh1 f4 19. g3 f3 20. Ng1 Nxd4 21. Bxg6 Nc6 22.
Bc2 Nxe5 23. Nhxf3 Nxf3 24. Nxf3 Bf6 25. Re1 Rc8 26. Be3 Bc6 27. Bd4 Qe7 28.
Qd3 Rh8 29. Qe3 Bd7 30. Bd3 h6 31. Ne5 Be8 32. Ng4 1-0

[Event "ODJM A 2016"]
[Site "Willingen GER"]
[Date "2016.05.20"]
[Round "8"]
[White "Fromm, Johannes"]
[Black "Thumm, Felix"]
[Result "0-1"]
[Termination "normal"]
[Board "36"]
[WhiteElo "1467"]
[BlackElo "1939"]
[PlyCount "56"]
[WhiteFideId "12993204"]
[BlackFideId "12902209"]
[EventCountry "GER"]
[EventRounds "9"]
[EventType "swiss"]
[EventDate "2016.05.14"]

1. Nf3 c5 2. c4 e6 3. Nc3 a6 4. g3 b6 5. Bg2 Bb7 6. O-O Nc6 7. b3 Nf6 8. Bb2
Be7 9. e3 O-O 10. d4 cxd4 11. exd4 d5 12. Rc1 dxc4 13. bxc4 Rc8 14. Qb3 Na5 15.
Qc2 Nxc4 16. Ba1 b5 17. Rfd1 b4 18. Qb1 Bxf3 19. Bxf3 bxc3 20. Rxc3 Nd5 21.
Rcc1 Bg5 22. Bxd5 Qxd5 23. f4 Bf6 24. Rd3 Rfd8 25. Rcd1 Nd6 26. Qb6 Rc2 27.
R3d2 Rxd2 28. Rxd2 Nc4 0-1

[Event "ODJM A 2016"]
[Site "Willingen GER"]
[Date "2016.05.20"]
[Round "8"]
[White "Acikel, Mert"]
[Black "Buller, Ian Joshua"]
[Result "1-0"]
[Termination "normal"]
[Board "37"]
[WhiteElo "1883"]
[BlackElo "1424"]
[PlyCount "77"]
[WhiteFideId "12956465"]
[BlackFideId "12990655"]
[EventCountry "GER"]
[EventRounds "9"]
[EventType "swiss"]
[EventDate "2016.05.14"]

1. e4 c5 2. Nf3 g6 3. d4 cxd4 4. Nxd4 Bg7 5. Be2 Nc6 6. Nb3 Nf6 7. Nc3 O-O 8.
O-O d6 9. Bg5 Be6 10. Re1 Qc8 11. Bf1 Rd8 12. Nd5 Bxd5 13. exd5 Nb4 14. c3
Nbxd5 15. Bxf6 Nxf6 16. Rxe7 Ng4 17. Qd5 Rf8 18. Qxb7 Qf5 19. f3 Ne5 20. Nd4
Qc8 21. f4 Ng4 22. Qxc8 Rfxc8 23. Nb5 Rcb8 24. Nc7 Rb7 25. Be2 Bf8 26. Nxa8
Bxe7 27. Bxg4 Kf8 28. b3 Bd8 29. Bf3 Rb8 30. Rd1 Ke7 31. Rd4 Kd7 32. Ra4 a5 33.
Rc4 f5 34. Kf1 h6 35. Ke2 d5 36. Bxd5 Kd6 37. Bf3 Kd7 38. Kd3 Kd6 39. Rc6+ 1-0

[Event "ODJM A 2016"]
[Site "Willingen GER"]
[Date "2016.05.20"]
[Round "8"]
[White "Niesel, Tobias"]
[Black "Isler, Benjamin"]
[Result "1-0"]
[Termination "normal"]
[Board "38"]
[WhiteElo "1973"]
[BlackElo "1700"]
[PlyCount "45"]
[WhiteFideId "12962155"]
[BlackFideId "12975478"]
[EventCountry "GER"]
[EventRounds "9"]
[EventType "swiss"]
[EventDate "2016.05.14"]

1. c4 c6 2. Nf3 Nf6 3. g3 d5 4. Bg2 e6 5. b3 Bd7 6. O-O b5 7. Qc2 Na6 8. Bb2
Be7 9. Ne5 bxc4 10. bxc4 Rb8 11. Nc3 O-O 12. d4 c5 13. dxc5 d4 14. Ne4 Nxe4 15.
Bxe4 f5 16. c6 Nc5 17. Bg2 Be8 18. Rfd1 Bf6 19. Bxd4 Qe7 20. Rab1 Rxb1 21. Rxb1
Bxe5 22. Bxe5 Na6 23. Rb7 1-0

[Event "ODJM A 2016"]
[Site "Willingen GER"]
[Date "2016.05.20"]
[Round "8"]
[White "Wolff, Marie Antoinette"]
[Black "Leser, Stefan"]
[Result "1-0"]
[Termination "normal"]
[Board "39"]
[WhiteElo "1786"]
[BlackElo "1708"]
[PlyCount "75"]
[WhiteFideId "12908258"]
[BlackFideId "12997706"]
[EventCountry "GER"]
[EventRounds "9"]
[EventType "swiss"]
[EventDate "2016.05.14"]

1. c4 e6 2. Nf3 d5 3. cxd5 exd5 4. g3 Nf6 5. Bg2 c6 6. O-O Bd6 7. d3 O-O 8.
Nbd2 Re8 9. Re1 Nbd7 10. b3 a5 11. Bb2 Nb6 12. Qc2 a4 13. e4 Be7 14. Bd4 a3 15.
exd5 Nbxd5 16. Ne4 Bf5 17. Nh4 Bxe4 18. dxe4 Nb4 19. Qc3 c5 20. Bxc5 Bxc5 21.
Qxc5 Nd3 22. Qb5 Nxe1 23. Rxe1 Qd7 24. Qb4 Re5 25. Nf5 Rd8 26. Qxa3 Qd2 27. Rf1
Nxe4 28. Qa7 Nc5 29. Ne3 Nd3 30. Nc4 Qg5 31. Nxe5 Nxe5 32. Qxb7 Ng4 33. a4 h5
34. Qb5 Qd2 35. a5 Qc2 36. a6 Rd2 37. Qe8+ Kh7 38. Be4+ 1-0

[Event "ODJM A 2016"]
[Site "Willingen GER"]
[Date "2016.05.20"]
[Round "8"]
[White "Walow, Xenia"]
[Black "Richter, Nils"]
[Result "0-1"]
[Termination "normal"]
[Board "40"]
[WhiteElo "1575"]
[BlackElo "1826"]
[PlyCount "42"]
[WhiteFideId "12971839"]
[BlackFideId "12990809"]
[EventCountry "GER"]
[EventRounds "9"]
[EventType "swiss"]
[EventDate "2016.05.14"]

1. d4 Nf6 2. Nf3 g6 3. Bf4 Bg7 4. e3 O-O 5. Bd3 d6 6. c3 Nbd7 7. O-O a6 8. Nbd2
c5 9. Rc1 b5 10. b3 Bb7 11. Qe2 Re8 12. Bg3 Qb6 13. Bb1 a5 14. Rc2 Nd5 15. Rcc1
b4 16. cxb4 axb4 17. Nc4 Qa7 18. dxc5 Nxc5 19. Qd2 Nc3 20. Rfe1 Nxb1 21. Rxb1
Bc3 0-1

[Event "ODJM A 2016"]
[Site "Willingen GER"]
[Date "2016.05.20"]
[Round "8"]
[White "Wieber, Dominik"]
[Black "Pahl, Theis"]
[Result "1/2-1/2"]
[Termination "normal"]
[Board "41"]
[WhiteElo "1855"]
[BlackElo "1583"]
[PlyCount "89"]
[WhiteFideId "24699012"]
[BlackFideId "16201264"]
[EventCountry "GER"]
[EventRounds "9"]
[EventType "swiss"]
[EventDate "2016.05.14"]

1. e4 e5 2. Nf3 Nc6 3. Bb5 a6 4. Bxc6 dxc6 5. d3 Bd6 6. Be3 Ne7 7. Nc3 O-O 8.
h3 c5 9. O-O f6 10. Nd2 Be6 11. f4 Nc6 12. f5 Bf7 13. Nb3 Nd4 14. Ne2 Qe7 15.
Nexd4 cxd4 16. Bd2 c5 17. Nc1 b5 18. b3 c4 19. dxc4 bxc4 20. bxc4 Bxc4 21. Rf3
Rfb8 22. Rg3 Kh8 23. Nd3 Rb7 24. h4 Rab8 25. h5 Ba3 26. h6 gxh6 27. Bxh6 Rg8
28. Rxg8+ Bxg8 29. Qe1 Bc4 30. Qg3 Rb8 31. c3 dxc3 32. Nxe5 fxe5 33. Qxc3 Bc5+
34. Be3 Bxe3+ 35. Qxe3 Rb2 36. Rc1 Bxa2 37. Qg3 Rb8 38. Qf2 Rb1 39. Rxb1 Bxb1
40. f6 Qf7 41. Qb2 Bxe4 42. Qxe5 Bd3 43. Qb8+ Qg8 44. Qe5 Qf7 45. Qb8+ 1/2-1/2

[Event "ODJM A 2016"]
[Site "Willingen GER"]
[Date "2016.05.20"]
[Round "8"]
[White "Wagner, Swenja"]
[Black "Thumm, Niklas"]
[Result "1/2-1/2"]
[Termination "normal"]
[Board "42"]
[WhiteElo "1673"]
[BlackElo "1788"]
[PlyCount "44"]
[WhiteFideId "12900494"]
[BlackFideId "12918733"]
[EventCountry "GER"]
[EventRounds "9"]
[EventType "swiss"]
[EventDate "2016.05.14"]

1. e4 e5 2. Nc3 Nf6 3. Bc4 Nc6 4. d3 Na5 5. Bb3 Nxb3 6. axb3 g6 7. f4 d6 8. Nf3
Qe7 9. fxe5 dxe5 10. Bg5 c6 11. O-O Bg7 12. d4 exd4 13. Nxd4 h6 14. Bxf6 Bxf6
15. e5 Bg7 16. Re1 O-O 17. Qe2 Qc5 18. Qe3 Re8 19. Nf3 Qxe3+ 20. Rxe3 Bg4 21.
Rae1 Re7 22. Nd2 Rae8 1/2-1/2

[Event "ODJM A 2016"]
[Site "Willingen GER"]
[Date "2016.05.20"]
[Round "8"]
[White "Riegel, Arinna"]
[Black "Bangert, Benjamin"]
[Result "1/2-1/2"]
[Termination "normal"]
[Board "43"]
[WhiteElo "1695"]
[BlackElo "1776"]
[PlyCount "60"]
[WhiteFideId "12931446"]
[BlackFideId "24692654"]
[EventCountry "GER"]
[EventRounds "9"]
[EventType "swiss"]
[EventDate "2016.05.14"]

1. e4 e6 2. d4 d5 3. exd5 exd5 4. Bd3 Nf6 5. h3 Be7 6. Qf3 Be6 7. Ne2 Nbd7 8.
Ng3 a6 9. O-O c5 10. dxc5 Nxc5 11. Bf5 O-O 12. c3 Rc8 13. Na3 Na4 14. Nc2 Bd6
15. Nd4 Qd7 16. Rb1 Bxg3 17. Bxe6 Bxf2+ 18. Rxf2 fxe6 19. Qe3 Ne4 20. Rf3 Nac5
21. Bd2 e5 22. Rxf8+ Rxf8 23. Nf3 Qf5 24. Rd1 Qf6 25. Bc1 Rd8 26. Kh2 Qe6 27.
b4 Nd7 28. c4 Nef6 29. Bb2 d4 30. Qe2 Qe7 1/2-1/2

[Event "ODJM A 2016"]
[Site "Willingen GER"]
[Date "2016.05.20"]
[Round "8"]
[White "Grunert, Friedrich"]
[Black "Greßmann, Hanna"]
[Result "1-0"]
[Termination "normal"]
[Board "44"]
[WhiteElo "1694"]
[BlackElo "1781"]
[PlyCount "63"]
[WhiteFideId "12995592"]
[BlackFideId "12930709"]
[EventCountry "GER"]
[EventRounds "9"]
[EventType "swiss"]
[EventDate "2016.05.14"]

1. e4 e5 2. Nf3 Nc6 3. Bb5 a6 4. Ba4 Nf6 5. O-O b5 6. Bb3 Be7 7. Re1 d6 8. c3
Na5 9. Bc2 c5 10. d4 Nc6 11. d5 Na5 12. h3 O-O 13. Nbd2 Nb7 14. Nf1 Re8 15. g4
h6 16. Ng3 Bf8 17. Nf5 Bxf5 18. gxf5 g6 19. Nh4 Nh5 20. Qg4 Nf6 21. Qg2 Nh5 22.
Nxg6 fxg6 23. Qxg6+ Kh8 24. Qxh5 Qf6 25. Kh1 Re7 26. Rg1 Rg7 27. Be3 Kh7 28.
Rxg7+ Bxg7 29. Rg1 Rh8 30. Rg6 Qf8 31. f6 Bxf6 32. Bxh6 1-0

[Event "ODJM A 2016"]
[Site "Willingen GER"]
[Date "2016.05.20"]
[Round "8"]
[White "Hoppe, Nico"]
[Black "Reucker, Friedrich"]
[Result "0-1"]
[Termination "normal"]
[Board "45"]
[WhiteElo "1459"]
[BlackElo "1776"]
[PlyCount "64"]
[WhiteFideId "16225520"]
[BlackFideId "12993670"]
[EventCountry "GER"]
[EventRounds "9"]
[EventType "swiss"]
[EventDate "2016.05.14"]

1. e4 c5 2. c3 d5 3. exd5 Qxd5 4. Nf3 Nc6 5. d4 Bg4 6. Be2 Nf6 7. Be3 cxd4 8.
Bxd4 Nxd4 9. Qxd4 Qxd4 10. Nxd4 Bxe2 11. Nxe2 O-O-O 12. O-O e6 13. Nd4 Bc5 14.
Nb3 Ne4 15. Nxc5 Nxc5 16. Na3 Rd7 17. Rfd1 Rhd8 18. Rxd7 Rxd7 19. b3 Ne4 20. c4
Rd2 21. f3 Nc3 22. c5 Rxa2 23. Rxa2 Nxa2 24. Nb5 Kb8 25. Nd6 Nc1 26. b4 Nd3 27.
Nxf7 Nxb4 28. Ne5 a5 29. Nc4 a4 30. Kf1 Nc2 31. Nd2 a3 32. Nb3 a2 0-1

[Event "ODJM A 2016"]
[Site "Willingen GER"]
[Date "2016.05.20"]
[Round "8"]
[White "Kappelmann, Florian"]
[Black "Richter, Robert"]
[Result "1-0"]
[Termination "normal"]
[Board "47"]
[WhiteElo "1643"]
[BlackElo "1550"]
[PlyCount "83"]
[WhiteFideId "12973165"]
[BlackFideId "12978744"]
[EventCountry "GER"]
[EventRounds "9"]
[EventType "swiss"]
[EventDate "2016.05.14"]

1. Nh3 d5 2. g3 e5 3. f4 Bd6 4. fxe5 Bxe5 5. d4 Bd6 6. Nf2 Nf6 7. Bg2 O-O 8.
Bg5 c6 9. e4 h6 10. Bxf6 Qxf6 11. O-O Qg5 12. e5 Bc7 13. Qd2 Qh5 14. Nd3 Nd7
15. Nf4 Qg5 16. Qe2 Nb6 17. Nd2 Bg4 18. Nf3 Qe7 19. Qd3 c5 20. c3 c4 21. Qc2
Qd7 22. Qd2 Rab8 23. Ne1 Bd8 24. Nc2 Bf5 25. Ne3 Be6 26. Qe2 Bg5 27. h4 Bxf4
28. Rxf4 Nc8 29. Qh5 Ne7 30. g4 Ng6 31. Rf3 b5 32. g5 Kh7 33. Raf1 b4 34. gxh6
gxh6 35. Nf5 Bxf5 36. Rxf5 bxc3 37. bxc3 Rb2 38. Bh3 Qe7 39. Rf6 Rxa2 40. e6
Qd6 41. Rxf7+ Rxf7 42. Rxf7+ 1-0

[Event "ODJM A 2016"]
[Site "Willingen GER"]
[Date "2016.05.20"]
[Round "8"]
[White "Usczeck, Alina"]
[Black "Frohnhäuser, Simon"]
[Result "1/2-1/2"]
[Termination "normal"]
[Board "49"]
[WhiteElo "1655"]
[BlackElo "1559"]
[PlyCount "47"]
[WhiteFideId "12938114"]
[BlackFideId "16208528"]
[EventCountry "GER"]
[EventRounds "9"]
[EventType "swiss"]
[EventDate "2016.05.14"]

1. e4 c5 2. Nf3 d6 3. Bb5+ Bd7 4. Bxd7+ Nxd7 5. O-O Ngf6 6. Re1 Qc7 7. c3 e6 8.
d4 Be7 9. Bg5 h6 10. Bh4 cxd4 11. cxd4 O-O 12. Nc3 Nb6 13. Qe2 Ne8 14. Nb5 Qd7
15. Bxe7 Qxe7 16. Rac1 a6 17. Na3 Nf6 18. Nc4 Nxc4 19. Qxc4 Rac8 20. Qe2 Qd7
21. e5 Nd5 22. Qd2 Rfd8 23. Rxc8 Rxc8 24. Rc1 1/2-1/2

[Event "ODJM A 2016"]
[Site "Willingen GER"]
[Date "2016.05.20"]
[Round "8"]
[White "Adelmeyer, Matti"]
[Black "Huber, Marinus"]
[Result "1-0"]
[Termination "normal"]
[Board "50"]
[WhiteElo "1677"]
[BlackElo "1639"]
[PlyCount "91"]
[WhiteFideId "12962520"]
[BlackFideId "12979856"]
[EventCountry "GER"]
[EventRounds "9"]
[EventType "swiss"]
[EventDate "2016.05.14"]

1. e4 c5 2. c3 d6 3. d4 cxd4 4. cxd4 Nf6 5. Nc3 g6 6. Nf3 Bg7 7. Bc4 O-O 8. O-O
Nbd7 9. Bf4 a6 10. a4 Nb6 11. Bb3 Bg4 12. h3 Bxf3 13. Qxf3 Rc8 14. Qe3 Nc4 15.
Bxc4 Rxc4 16. Rfd1 Qb6 17. Qd3 Rfc8 18. Rab1 Rb4 19. e5 dxe5 20. dxe5 Rxb2 21.
Be3 Rxc3 22. Qxc3 Rxb1 23. Bxb6 Rxd1+ 24. Kh2 Ne8 25. g3 Kf8 26. Qf3 Ra1 27. e6
f5 28. Qf4 Nd6 29. Bd4 Bxd4 30. Qxd4 Rh1+ 31. Kxh1 Kg8 32. g4 fxg4 33. hxg4 b5
34. f4 h6 35. Qd5 bxa4 36. Qa8+ Kg7 37. Qxa6 Kf6 38. Qxa4 Kxe6 39. Qb3+ Kf6 40.
Qc3+ Kf7 41. Qh8 Ne4 42. Qh7+ Kf6 43. Qxh6 Ng3+ 44. Kg2 Ne2 45. f5 Nd4 46. Qh8+
1-0